| 000 | 00534nam a2200193Ia 4500 | ||
|---|---|---|---|
| 005 | 20250508151419.0 | ||
| 008 | 008 250505s9999 xx 000 0 eng d | ||
| 037 | _aTextual | ||
| 040 |
_aFEDL _beng _cFEDL |
||
| 041 |
_aeng _2eng |
||
| 084 |
_a331.58, BAL _qFEDL |
||
| 100 |
_aBaldwin Roger N. Ed. _9759074 |
||
| 245 | 0 | _aNew slavery forced labor : The communist betrayal of human rights | |
| 260 | _c1953 | ||
| 300 | _a158p. | ||
| 650 | _aEconomics | ||
| 942 |
_cTEXL _h331.58, BAL |
||
| 999 |
_c1329629 _d1329629 |
||